| 000 | 01006cam a2200289 a 4500 | ||
|---|---|---|---|
| 001 | 1071253 | ||
| 003 | US-DLC | ||
| 005 | 20171218082005.0 | ||
| 008 | 910820s1992 njua b 000 0 eng | ||
| 010 | _a 91032035 | ||
| 020 | _a013050758X (v. 1) | ||
| 020 | _a0130518972 (v. 2) | ||
| 040 |
_aDLC _cDLC _dDLC |
||
| 050 | 0 | 0 |
_a909.09821 _b.A86 1992 |
| 082 | 0 | 0 |
_a909.09821 ROG _220 |
| 245 | 0 | 0 |
_aAspects of Western civilization : _cedited by Perry M. Rogers. |
| 250 | _a2nd ed. | ||
| 260 |
_aEnglewood Cliffs, N.J. : _bPrentice Hall, _cc1992. |
||
| 300 |
_a2 v. : _bill. ; _c23 cm. |
||
| 504 | _aIncludes bibliographical references. | ||
| 650 | 0 |
_aCivilization, Western _xHistory. |
|
| 650 | 0 |
_aCivilization, Western _xHistory _xSources. |
|
| 700 | 1 | _aRogers, Perry McAdow. | |
| 906 |
_a7 _bcbc _corignew _d1 _eocip _f19 _gy-gencatlg |
||
| 942 |
_2ddc _cBK |
||
| 999 |
_c39096 _d39096 |
||